| 000 | 03253nam a22003377a 4500 | ||
|---|---|---|---|
| 003 | OSt | ||
| 005 | 20250211105136.0 | ||
| 008 | 090902s1994 dr c 001 0 spa d | ||
| 040 |
_aDO-SdBNP _bspa _cBNPHU |
||
| 082 |
_axxx _bxxx |
||
| 111 | 1 |
_aCongreso Dominicano de Diabetes (SODODIA) _n(1: _doctubre 27-30: _cSanto Domingo, República Dominicana) _918717 |
|
| 245 | 1 | 0 |
_aSociedad Dominicana de Diabetes / _ccomité organizador Jorge A. Hazoury Bahles, Víctor Ml. Perrotta M., Francisco Rivera...[et al] |
| 260 |
_aSanto Domingo : _bSociedad Dominicana de Diabetes ; _c1994. |
||
| 300 |
_a144 p. : _bretrs. _c21 cm. |
||
| 505 | 0 |
_tMensaje -- _tMicro/macro albuminaría: valor predictivo de nefropatía y su relación con otras complicaciones -- _tAlbuminaría: evaluación y diagnostico por biopsia renal percutánea en el Inden -- _tFitopatología de la hipertensión arterial en la diabetes millitus -- _tPtca in acute myocardial -- _tInsulina intensiva convencional en pacientes diabéticos tipo II, con fallo secundario a hipoglucemiantes orales -- _tPerfil lipídico en diabéticos en la consulta externa Inden -- _tSensibilidad del hisopado y cultivo para el aislamiento bacteriano en infecciones de partes blandas en diabéticos -- _tCampamento para niños diabéticos del 29 de agosto al 2 de septiembre 1994 -- _tEstudio comparativo de la conducta sexual del paciente diabético -- _tRevisión del a historia clínica oftalmológica de una población diabética -- _tEficacia de la evaluación del control metabólico con glicemia basal vs. hbaic al momento de refaccionar al diabético -- _tQuimeras para el tratamiento diabético en América Latina -- _tEl embarazo en la adolescente diabética -- _tEstudio inmunoclinico y bioquímico en niños con alto riesgo de diabetes mellitus como secuela de infección por virus ECHO-4 -- _tEvidencias experimentales sobre la naturaleza glicolipidica de los antígenos reconocidos por los anticuerpos anti-islotes pancreáticos -- _tEstacionalidad y edad de comienzo de la diabetes mellitus insulino dependiente en la región - Chile -- _tEfecto de la altura en la tolerancia a la glucosa y sensibilidad a la insulina en sujetos sanos -- _tManejo del niño diabético -- _tEducación: el tratamiento mas importante para la diabetes -- _tCaracterización molecular de los genes HLA=DR y HLA=DO de pacientes en la Republica Dominicana que tienen diabetes mellitus insulinodependiente (DMI) -- _tDiabetes tropical -- _tEvaluando la calidad de la atención en diabetes mellitus en Trinidad Tobago -- _tEstoy en insulina -- _tGraficas del congreso / |
|
| 590 | _aInventariado, 2020/ YL | ||
| 700 | 1 | 2 |
_aHazoury Bahles, Jorge A. _eorg. _977163 |
| 700 | 1 | 2 |
_aPerrotta M., Víctor Ml. _eorg. _977164 |
| 700 | 1 | 2 |
_aRivera, Francisco _eorg. _920660 |
| 700 | 1 | 2 |
_aEscaño, Felix _eorg. _977165 |
| 700 | 1 | 2 |
_aStern Díaz, Herbert S. _d1958- _eorg. _913913 |
| 700 | 1 | 2 |
_aEstevez, Julio _eorg. _977167 |
| 700 | 1 | 2 |
_aBelliard, María R. _eorg. _977168 |
| 700 | 1 | 2 |
_aSantoni, Juan _eorg. _977169 |
| 700 | 1 | 2 |
_aBonnet, Francisco _eorg. _977170 |
| 700 | 1 | 2 |
_aMota, Aurea _eorg. _977171 |
| 700 | 1 | 2 |
_aSantos, Yolanda _eorg. _977172 |
| 700 | 1 | 2 |
_aReyes, Erick _eorg. _977173 |
| 910 | _aValidado. Control de calidad. MMOLINA | ||
| 942 |
_2ddc _cLBS1 |
||
| 999 |
_c49080 _d49080 |
||